Estimación de las reservas potenciales de carbono almacenadas en la biomasa aérea en bosques naturales de Colombia (Registro nro. 7645)

Detalles MARC
000 -CABECERA
Campo de control 00732nam a22002057a 4500
005 - FECHA Y HORA DE LA ULTIMA TRANSACCION
Campo de control 20170127020001.0
008 - ELEMENTOS DE LONGITUD FIJA—INFORMACION GENERAL
Campo de control 130828b2011 ck ||||| |||| 00| 0 spa d
020 ## - ISBN
ISBN 9789588067339
040 ## - FUENTE DE CATALOGACIÓN
Agencia catalogadora original CO-BoIAVH
Agencia transcriptora CO-BoIAVH
041 0# - IDIOMA
Código de idioma para texto/pista de sonido o título separado Español
044 ## - PAÍS DE PUBLICACIÓN
País de publicación Colombia
082 04 - NUMERO DE CLASIFICACION DECIMAL DEWEY
Número de clasificación 333.74
Número del ítem I193e
110 2# - ASIENTO PRINCIPAL--NOMBRE CORPORATIVO
Nombre corporativo o de jurisdicción como elemento de entrada Instituto de Hidrología, Meteorología y Estudios Ambientales
9 (RLIN) 40494
245 ## - MENCION DE TITULO
Título Estimación de las reservas potenciales de carbono almacenadas en la biomasa aérea en bosques naturales de Colombia
260 ## - PUBLICACION, DISTRIBUCION, ETC. (PIE DE IMPRENTA)
Lugar de publicación, distribución, etc. Bogotá (Colombia):
Nombre del editor, distribuidor, etc. IDEAM,
Fecha de publicación, distribución, etc. 2011.
300 ## - DESCRIPCION FISICA
Extensión 41 páginas :
Otros detalles físicos tablas y mapas ;
Dimensiones 28 cm.
650 #4 - ASIENTO SECUNDARIO DE MATERIA - TERMINO TEMATICO
Término temático o nombre geográfico como elemento de entrada Biomasa
Subdivisión general mediciones
9 (RLIN) 40495
650 #4 - ASIENTO SECUNDARIO DE MATERIA - TERMINO TEMATICO
Término temático o nombre geográfico como elemento de entrada Carbono
Subdivisión general bosques naturales
Subdivisión geográfica Colombia
9 (RLIN) 40496
942 ## - ELEMENTOS ADICIONALES (KOHA)
Sistema de clasificación Dewey Decimal Classification
Tipo de ítem Folleto
Koha issues (borrowed), all copies 2
Existencias
Withdrawn status Lost status Sistema de Clasificación Damaged status No para préstamo Colección Inventariado Ubicación Permanente Ubicación actual Fecha de adquisición Fuente de Valor Valor Total Checkouts Número topográfico Inventario / Código de Barras Date last seen Date checked out Ejemplar Price effective from Forma de adquisición Tipo de material
    Dewey Decimal Classification     General Inventariado 2017 Bogotá Bogotá 28/08/2013 Instituto 39000.00 1 LB-333.74 I193e 058448 26/01/2017 26/01/2017 Ej. 1 28/08/2013   Libro
    Dewey Decimal Classification     General Inventariado 2017 Bogotá Bogotá 06/10/2015       LB-333.74 I193e 058449 06/10/2015   Ej. 3 06/10/2015   Folleto
    Dewey Decimal Classification     General Inventariado 2017 Sala Fabio Quevedo Sala Fabio Quevedo 28/08/2013     1 LB-333.74 I193e 059861 13/12/2013 03/09/2013 Ej. 2 28/08/2013   Folleto